Nutuk üzerinde incelemeler/ (Record no. 15641)

MARC details
000 -BAŞLIK
Sabit Uzunlukta Kontrol Alanı 00638nam a22002177a 4500
999 ## - SİSTEM KONTROL NUMARALARI (KOHA)
Koha Biblionumber 15641
Koha Biblioitemnumber 15641
003 - KONTROL NUMARASI IDENTIFIER
Denetim Alanı MIRAKIL
005 - SON İŞLEM TARİHİ VE ZAMANI
Denetim Alanı 20240313134051.0
008 - SABİT-BOY VERİ ELEMANLARI - GENEL BİLGİLER
Sabit Uzunlukta Kontrol Alanı 240313b tu ||||| |||| 00| 0 tur d
020 ## - ULUSLARARASI STANDART KİTAP NUMARASI
Uluslararası Standart Kitap Numarası 9789751611321
040 ## - KATALOGLAMA KAYNAK
Orijinal Kataloglama Ajansı TR-AnCHP
Metne Dönüştürmek Ajansı TR-AnCHP
041 ## - DİL KODU
Metin / Ses Parça Veya Ayrı Başlığın Dil Kodu tur
082 ## - DEWEY ONLU SINIFLANDIRMA NUMARASI
Sınıflandırma Numarası ATA 956.102
Ürün Numarası E67n 2022
100 ## - ANA GİRİŞ - KİŞİSEL İSİM
Kişisel Ad Ersoylu, Halil
245 10 - BAŞLIK TABLOSU
Başlık Nutuk üzerinde incelemeler/
Sorumluluk Tablosu, Vb Halil Ersoylu.
250 ## - EDITION TABLOSU
Baskı Beyanı 2. bs.
260 ## - YAYIN, DAĞITIM, VB
Yayın, Dağıtım, Vb Yeri İstanbul
Yayıncı, Dağıtıcı, Vs Adı Türk Dil Kurumu
Yayın, Dağıtım, Vb Tarihi 2022
300 ## - FİZİKSEL TANIM
Kapsam 307 s.
Boyutlar 24 cm.
650 #0 - KONU KATMA GİRİŞ - TOPİKAL DÖNEM
9 (RLIN) 7636
Topikal Süreli Veya Coğrafi Ad Giriş Elemanı Nutuk
Genel Alt Bölümü inceleme
856 ## - ELEKTRONİK YER VE ERİŞİM
Kamu Notu Dijital Nüshası için Partimizin Kütüphane Sorumlusu ile iletişime geçiniz.
942 ## - EKLENDİ GİRİŞ ELEMANLARI (KOHA)
Sınıflandırma Veya Raf Düzeni Kaynak Dewey Decimal Classification
Koha Öğesi Türü Books
Holdings
Kalıcı Konum Mevcut Konum Edinme Tarihi Toplam Check-Out'Lar Tam Çağrı Numarası Barkod Tarih Son Görülme İtibaren Geçerli Fiyatlar Koha Öğesi Türü
CHP Kütüphanesi CHP Kütüphanesi 03/13/2024   ATA 956.102 E67n 2022 21554 03/13/2024 03/13/2024 Books